000
00169nam a2200073Ia 4500
008
170817s9999 xx 000 0 und d
100
_a
Panda.B.N
245
0
_a
Teacher Education
260
_b
A. P. H. PUB.
999
_c
38747
_d
38747